Statistieken voor belguim

Klik hier om de quiz te nemen!

Algemene statistieken

  • Deze quiz is 4 keer genomen
  • De gemiddelde score is 7 van 10

Antwoordstatistieken

HintAntwoord% Correct
belguimantwerpen
100%
belguimnamen
100%
belguimhenegouwen
75%
belguimluik
75%
belguimoost-vlaanderen
75%
belguimvlaams-brabant
75%
belguimwest-vlaanderen
75%
belguimlimburg
50%
belguimluxemburg
50%
belguimwaals-brabant
50%

Scoreverdeling

Percentiel versus Aantal Correcte Antwoorden

Procent van Mensen met Elke Score

Uw Scoregeschiedenis

U heeft deze quiz nog niet genomen